Fundamentos de financiación empresarial

Guardat en:
Dades bibliogràfiques
Autors principals: Brealey, Richard A (Autor), Myers, Stewart C (Autor)
Format: Llibre
Idioma:espanyol
Publicat: Madrid McGraw Hill Interamericana 1998
Edició:3a. ed
Matèries:
Etiquetes: Afegir etiqueta
Sense etiquetes, Sigues el primer a etiquetar aquest registre!

MARC

LEADER 00000nam a2200000 a 4500
001 UCP4830
003 CL-VaPUC
008 990821e19980000SP |||||||||||||||||spa|d
082 0 4 |a 658.15  |b BRE  |2 21 
100 0 |a Brealey, Richard A  |e author  |9 432733 
700 0 |a Myers, Stewart C  |e author  |9 432734 
245 1 0 |a Fundamentos de financiación empresarial 
250 |a 3a. ed 
300 |a 805 p 
942 |c BK 
945 |d 19990821 00:00:00  |a rbrito 
260 |a Madrid  |b McGraw Hill Interamericana  |c 1998 
650 7 |a EMPRESARIOS  |2 CL-VaPUC  |9 315086 
650 0 |a Capital   |9 263726 
650 0 |a Finanzas  |9 260832 
650 0 |a Inversiones  |9 345867 
650 0 |a Riesgo  |9 256420 
650 7 |a RENTABILIDAD  |2 CL-VaPUC  |9 351669 
650 0 |a Dividendos  |9 374078 
650 7 |a ENDEUDAMIENTO  |2 CL-VaPUC  |9 427090 
650 7 |a LEASING  |2 CL-VaPUC  |9 257941 
650 0 |a Administración financiera  |9 261146 
583 |a last modification  |c 19990821 00:00:00  |k Rodrigo Vera 
999 |c 282727  |d 282725 
952 |0 0  |1 0  |2 ddc  |4 0  |6 658_150000000000000_BRE_1998  |7 0  |8 A  |9 325015  |a BIBGIM  |b BIBGIM  |d 2019-11-20  |i 3553787  |l 1  |o 658.15 BRE 1998  |p 3553787  |r 2025-01-15  |s 2024-03-22  |w 2019-11-20  |y BK  |k GIM 
952 |0 0  |1 0  |2 ddc  |4 0  |6 658_150000000000000_BRE_1998  |7 0  |8 A  |9 325016  |a BIBGIM  |b BIBGIM  |d 2019-11-20  |i 3553795  |o 658.15 BRE 1998  |p 3553795  |r 2025-01-15  |w 2019-11-20  |y BK  |k GIM 
952 |0 0  |1 0  |2 ddc  |4 0  |6 658_150000000000000_BRE_1998  |7 0  |8 A  |9 325017  |a BIBGIM  |b BIBGIM  |d 2019-11-20  |i 3553809  |o 658.15 BRE 1998  |p 3553809  |r 2025-01-15  |w 2019-11-20  |y BK  |k GIM 
952 |0 0  |1 0  |2 ddc  |4 0  |6 658_150000000000000_BRE_1998  |7 0  |8 A  |9 325018  |a BIBGIM  |b BIBGIM  |d 2019-11-20  |i 3553817  |o 658.15 BRE 1998  |p 3553817  |r 2025-01-15  |w 2019-11-20  |y BK  |k GIM 
952 |0 0  |1 0  |2 ddc  |4 0  |6 658_150000000000000_BRE_1998  |7 0  |8 A  |9 325019  |a BIBGIM  |b BIBGIM  |d 2019-11-20  |i 3553825  |o 658.15 BRE 1998  |p 3553825  |r 2025-01-15  |w 2019-11-20  |y BK  |k GIM 
952 |0 0  |1 0  |4 0  |6 658_150000000000000_BRE_1998  |7 0  |8 R  |9 325020  |a BIBENE  |b BIBENE  |d 2019-11-20  |i 355614K  |o 658.15 BRE 1998  |p 355614K  |r 2025-01-15  |w 2019-11-20  |y BK_R  |k ICO 
952 |0 0  |1 0  |4 0  |6 658_150000000000000_BRE_1998  |7 0  |8 R  |9 325021  |a BIBENE  |b BIBENE  |d 2019-11-20  |i 3558304  |o 658.15 BRE 1998  |p 3558304  |r 2025-01-15  |w 2019-11-20  |y BK_R  |k ICO 
952 |0 0  |1 0  |4 0  |6 658_150000000000000_BRE_1998  |7 0  |8 R  |9 325022  |a BIBENE  |b BIBENE  |d 2019-11-20  |i 3571610  |o 658.15 BRE 1998  |p 3571610  |r 2025-01-15  |w 2019-11-20  |y BK_R  |k ICO 
952 |0 0  |1 0  |4 0  |6 658_150000000000000_BRE_1998  |7 0  |8 R  |9 325023  |a BIBENE  |b BIBENE  |d 2019-11-20  |i 3922049  |o 658.15 BRE 1998  |p 3922049  |r 2025-01-15  |w 2019-11-20  |y BK_R  |k ICO